00590nam a2200181Ia 4500008004100000020001500041041000800056082002000064100002000084245008300104260004100187300000800228365001100236650001800247942001200265999001900277952011200296140306s9999 xx 000 0 und d a8170997364 aeng a380.141bJAG/EN aJagdish, Prasad aEncyclopaedia of agricultural marketing V.3 market regula6tion and development aNew DelhibMittal Publicationsc2000 a287 bRs.595 aAgri business 2ddccBK c181384d181384 00102ddc4070aKAUCBVbKAUCBVd2004-11-02g595.00l0o380.141 JAG/ENr2014-03-22 00:00:00w2014-03-22yBK